00368 a2200109 4500001001000000005001700010008004100027245008500068100002400153773006400177999001700241ART_1940320260410161922.0260409a 10aLa reforma de los sistemas fiscales y su tratamiento en el XXV Congreso del IIFP1 aReig, Enrique Jorge0 tLa informacióng- Tomo XLI, Nº 603 (mar. 1980)wREV14902 c27770d27770